Sur la deuxième guerre mondiale / (Record no. 105900)

MARC details
000 -LEADER
campo de control de longitud fija 01121nam a2200277 i 4500
001 - NÚMERO DE CONTROL
campo de control 105900
003 - IDENTIFICADOR DE NÚMERO DE CONTROL
campo de control ES-MaACL
005 - FECHA Y HORA DE LA ÚLTIMA TRANSACCIÓN
campo de control 20250605113610.0
007 - CAMPO FIJO DE DESCRIPCIÓN FÍSICA--INFORMACIÓN GENERAL
campo de control de longitud fija t|
008 - DATOS DE LONGITUD FIJA--INFORMACIÓN GENERAL
campo de control de longitud fija 060911s1970 be ||||1| fre d
080 ## - NÚMERO DE LA CLASIFICACIÓN DECIMAL UNIVERSAL
Número de la Clasificación Decimal Universal 943.0"1939/45"(093.3)
100 1# - ENTRADA PRINCIPAL--NOMBRE DE PERSONA
Nombre de persona Trotsky, Leon,
Fechas asociadas al nombre 1879-1940
9 (RLIN) 240350
245 10 - MENCIÓN DEL TÍTULO
Título Sur la deuxième guerre mondiale /
Mención de responsabilidad, etc. Leon Trotsky ; [textes rassemblés et prefacés par Daniel Guérin].
260 ## - PUBLICACIÓN, DISTRIBUCIÓN, ETC.
Lugar de publicación, distribución, etc. Bruxelles :
Nombre del editor, distribuidor, etc. Editions La Taupe,
Fecha de publicación, distribución, etc. [1970]
300 ## - DESCRIPCIÓN FÍSICA
Extensión 275 p. ;
Dimensiones 18 cm.
490 1# - MENCIÓN DE SERIE
Mención de serie Documents socialistes
500 ## - NOTA GENERAL
Nota general Biblioteca Juan Andrade.
505 8# - NOTA DE CONTENIDO CON FORMATO
Nota de contenido con formato Recopilación de artículos y entrevistas que Trotsky redactó para diversos periódicos entre agosto de 1937 y agosto de 1940
650 14 - PUNTO DE ACCESO ADICIONAL DE MATERIA--TÉRMINO DE MATERIA
Término de materia o nombre geográfico como elemento de entrada Guerra mundial, 1939-1945-
Subdivisión general Historia diplomática.
9 (RLIN) 13241
651 #4 - PUNTO DE ACCESO ADICIONAL DE MATERIA--NOMBRE GEOGRÁFICO
Nombre geográfico URSS-
Subdivisión general Relaciones-
Subdivisión geográfica Alemania.
9 (RLIN) 9484
651 #4 - PUNTO DE ACCESO ADICIONAL DE MATERIA--NOMBRE GEOGRÁFICO
Nombre geográfico Alemania-
Subdivisión general Relaciones-
Subdivisión geográfica URSS.
9 (RLIN) 7672
700 1# - ENTRADA AGREGADA--NOMBRE PERSONAL
Nombre de persona Guérin, Daniel,
Fechas asociadas al nombre 1904-1988
9 (RLIN) 240796
830 0# - PUNTO DE ACCESO ADICIONAL DE SERIE-TÍTULO UNIFORME
Título uniforme Documents socialistes
9 (RLIN) 185120
852 ## - LOCALIZACIÓN
Ubicación ES-MaACL
Número de control de estantería AND-922
Sublocalización o colección R.110210
condición física . - Ded. autógr. de Daniel Guérin
Holdings
Estatus retirado Estado de pérdida Estado de daño No para préstamo Biblioteca de origen Biblioteca actual Ubicación en estantería Fecha de adquisición Fuente de adquisición Total de préstamos Signatura topográfica completa Código de barras Visto por última vez Precio de reemplazo Tipo de ítem Koha
        Biblioteca del Ateneo de Madrid Biblioteca del Ateneo de Madrid Depósito 2 17/01/2008     AND-922 1110560 23/02/2023 23/02/2023 Libro impreso